LEADER 01044nam a2200277 a 4500 001 000000041970 003 CaOOAMICUS 005 20130621120945.0 008 990217s1936 gw u000 u ger r 035 $a10814453 040 $aPUL$bita 100 1 $aMüller, Georg.$0(OLS)http://pul/name/27647 245 10$aBGB.$n3 Buch,$pSachenrecht /$cGeorg Müller. 246 30$aSachenrecht 260 $aBerlin :$bDe Gruyter,$c1936. 300 $a395 p. : ;$c21 cm 490 1 $aGrundriss-kommentare 500 $aContiene indici e riferimenti bibliografici. 650 4$aDiritto comune.$0(OLS)http://pul/subject/9064 830 0$aGrundriss-kommentare.$0(OLS)http://pul/title/56635 850 $aPUL 852 $aPUL$W1$xDP2 Diritto e Scienze Sociali 1$y65$m174 C 8$j56785$nBK-PRI$qStampati$B56785$CPULBib$Z2$F56785 $82 941 1 $a8 996 $6245$aBGB.$n3 Buch,$pSachenrecht$9(OLS)http://pul/title/56633 996 $6246$aSachenrecht$9(OLS)http://pul/title/56634 996 $6260$aBerlin :$bDe Gruyter$9(OLS)http://pul/publisher/48625 LEADER 00976nam a2200241 u 4500 001 000000070227 003 CaOOAMICUS 005 20070226122010.0 008 020430s1850 fr u000 u fre u 035 $a10928338 040 $aPUL(R)$bita 100 1 $aDescamps.$0(OLS)http://pul/name/46726 245 10$aHistoire et géographie de Madagascar /$cpar M. Descamps. 260 $aParis :$bBetrand,$c1850. 300 $a452 p., c. di tav. :$bc. geogr. ;$c21 cm 651 4$aMadagascar.$0(OLS)http://pul/subject/25145 651 4$aAfrica$xGeografia.$0(OLS)http://pul/subject/25146 651 4$aAfrica$xStoria.$0(OLS)http://pul/subject/9917 850 $aPUL 852 $aPUL$W1$xDP1 Antico 800$y27$m131 F 6$j90873$nBK-PRI$b $qStampati Antico$B90873$CPULBib$Z2$F90873 $H $81 941 1 $a15 996 $6245$aHistoire et géographie de Madagascar$9(OLS)http://pul/title/92617 996 $6260$aParis :$bBetrand$9(OLS)http://pul/publisher/72967